000 00729nam a2200241Ia 4500
999 _c7142
_d7142
003 GBCCL
005 20241126110620.0
008 180711b ||||| |||| 00| 0 eng d
020 _a0830725490
040 _cGBC
082 _a268.432
_bPUL
100 _aJohnson, Mile and Lesley Johnson
_912628
245 _aPeer Pressure/
_bMike Johnson and Lesley Johnson
260 _aUSA:
_bGospel Light,
_c2001.
300 _a96 p.;
_bill.,
_c28 cm.
440 _aPulse
_v13
_911293
490 _aGod's Word for a Jr. High World
490 _aDiscipleship Track
650 _aChristian education of teenagers
_910659
650 _aChristian education
_xCurricula
_95974
650 _aSpiritual life
_xChristianity
_9549
942 _2ddc
_cBK